• 首页
  • 本馆介绍
  • 公告通知
  • 最新文献
  • 馆藏检索
  • 电子资源
  • 读者导购
  • 参考咨询
  • 我的图书馆
  • 登录
  • 详细信息显示
  • 放入我的书架
  • 预约/预借图书
  • 作者相关作品
  • 分类相关作品
  • 丛书相关作品
  • 出版社相关作品

书目信息

  • 表格格式
  • 工作单格式
  • 卡片格式
题名:
微观美国
    
 
作者: 胡舒立
分册:  
出版信息: 北京   三联书店  1998
页数: 266
开本: 20cm
丛书名:
单 册:
中图分类: I21
科图分类:
主题词: 文学--作品集--中国
电子资源:
ISBN: 7-108-01131-X
000 00468nam0 2200181 450
001 0734081268
005 20071007092801.28
010    @a7-108-01131-X
100    @a20071007d km y0chiy0120 ea
101 0  @achi
200 1  @a微观美国@Awei guan mei guo@f胡舒立@Fhu shu li
210    @a北京@c三联书店@d1998
215    @a266@d20cm
606 0  @a文学@x作品集@x中国
690    @aI21@v3
701  0 @a胡舒立@Ahu shu li
801  0 @aCN@bPFT@c20071007
905    @a213230@dI21@ea1@f1
    
    微观美国/胡舒立.-北京:三联书店,1998
    266;20cm
    
    
    ISBN 7-108-01131-X:
    
●
相关链接 在E读中查询图书 在五车中查询图书 在当当中查询图书 在豆瓣中查询图书


正题名:微观美国     索取号:I21/a1         预约/预借

序号 登录号 条形码 馆藏地/架位号 状态 备注
1 7509604   275096049   密集书库-史法系/ [索取号:I21/a1] 在馆    
唐山师范学院图书馆 欢迎您!
大连网信软件有限公司© 版权所有